Datum a čas kvízu
31
Celkem bodů
Celkový počet nahraných bodů na tomto kvízu bez doplňovacích otázek.
3.
Pořadí na kvízu
Konečné umístění týmu na tomto kvízu.
Zaznamenané odpovědi
| # | Otázka | Odpověď | Body | Výsledky |
|---|---|---|---|---|
| 1. | O víkendu se na letišti v Ostr... | 20. ročník | 0 | |
| 2. | Ve švýcarském Curychu minulý t... | čokoláda | 0 | |
| 3. | Minulý týden jsme se dozvěděli... | Nicholas Winton | 1 | |
| 4. | Firma Sony minulý týden oznámi... | Je bezdisková. | 1 | |
| 5. | V minulém týdnu odstartoval no... | Vítkovice a Litvínov | 0.5 | |
| 6. | Po dějinách Ukrajiny, které js... | Arpádovci | 0 | |
| 7. | Jak se nazývá město v jižním M... | Moháč | 1 | |
| 8. | V rámci Pařížské mírové konfer... | Trianonská smlouva | 0 | |
| 9. | Liberální pojetí socialismu sp... | gulášový socialismus/komunismus | 1 | |
| 10. | Napište šestipísmennou zkratku... | Fidesz | 0 |